Day after Day (Record no. 101100)
[ view plain ]
| 000 -LEADER | |
|---|---|
| fixed length control field | 00725cam a22001935a 4500 |
| 001 - CONTROL NUMBER | |
| control field | J110457 |
| 008 - FIXED-LENGTH DATA ELEMENTS--GENERAL INFORMATION | |
| fixed length control field | 071120s2000 xxk a g 000 0deng u |
| 035 ## - SYSTEM CONTROL NUMBER | |
| System control number | (Sirsi) u110457 |
| 050 04 - LIBRARY OF CONGRESS CALL NUMBER | |
| Classification number | 920 $2 18 |
| 100 1# - MAIN ENTRY--PERSONAL NAME | |
| Personal name | Proctor, Molly G. |
| 245 00 - TITLE STATEMENT | |
| Title | Day after Day |
| Remainder of title | Wm. Day & Sons in Maidstone, from early 19th century broker/auctioneer to late 20th century chartered surveyors auctioneers & estate agents |
| 260 ## - PUBLICATION, DISTRIBUTION, ETC. | |
| Place of publication, distribution, etc. | Maidstone |
| Name of publisher, distributor, etc. | printed by Modern Press Ltd. |
| Date of publication, distribution, etc. | 2000 |
| 300 ## - PHYSICAL DESCRIPTION | |
| Extent | 126p. |
| Other physical details | ill. |
| Dimensions | 21cm. |
| 520 ## - SUMMARY, ETC. | |
| Summary, etc. | An account of the history of the Maidstone auctioneers William Day and Sons. |
| 610 24 - SUBJECT ADDED ENTRY--CORPORATE NAME | |
| Corporate name or jurisdiction name as entry element | William Day and Sons |
| 9 (RLIN) | 5457 |
| 651 #4 - SUBJECT ADDED ENTRY--GEOGRAPHIC NAME | |
| Geographic name | Kent |
| 690 ## - LOCAL SUBJECT ADDED ENTRY--TOPICAL TERM (OCLC, RLIN) | |
| Topical term or geographic name as entry element | ABOUT RICS-RICS MEMBERS-CHARTERED SURVEYORS |
| 942 ## - ADDED ENTRY ELEMENTS (KOHA) | |
| Suppress in OPAC | 0 |
| Withdrawn status | Lost status | Source of classification or shelving scheme | Damaged status | Not for loan | Home library | Current library | Shelving location | Date acquired | Total Checkouts | Full call number | Barcode | Date last seen | Copy number | Price effective from | Koha item type |
|---|---|---|---|---|---|---|---|---|---|---|---|---|---|---|---|
| Dewey Decimal Classification | London | London | Books | 19/01/2001 | 920 PRO | 30063299 | 06/08/2019 | 1 | 06/08/2019 | Book |